Datum a čas kvízu

35.5 Celkem bodů Celkový počet nahraných bodů na tomto kvízu bez doplňovacích otázek.
3. Pořadí na kvízu Konečné umístění týmu na tomto kvízu.

Zaznamenané odpovědi

# Otázka Odpověď Body Výsledky
1. Hned tři akce naráz přerušilo... Kateřina Marie Tichá 1
2. V pondělí jsme se dozvěděli o... Starbucks 1
3. Minulý týden byl představen tr... Jiří Mádl; Tomáš Vorel (ml.) 1
4. Česká společnost Snuggs se sta... menstruační kalhotky 1
5. Jak se jmenuje vítěz ankety Fo... Tomáš Souček; West Ham (United) 0
6. Podíváme se na temné stránky d... A) Diviš Bořek z Miletínka 0
7. Doba pobělohorská znamenala zá... Obnovené zřízení zemské 1
8. První světová válka znamenala... Zborov 0
9. V období tzv. Protektorátu se... Josef Balabán, Josef Mašín, Václav Morávek 0
10. Seřaďte tyto komunistické prez... 1D 2A 3C 4B 1